000 03304nam a2200361 a 4500
001 eep9781849806602
003 DLC
005 20210215104145.0
006 m o d
007 cr un|||||||||
008 091110s2010 enk ob 001 0 eng d
010 _a 2009941281
020 _a9781849806602 (e-book)
040 _aUKM
_cUKM
_dYDXCP
_dCDX
_dBWX
_dDLC
050 4 _aK1401
_b.R463 2010
082 0 0 _a346.04/8
_222
245 0 0 _aResearch handbook on the interpretation and enforcement of intellectual property under WTO rules
_h[electronic resource] /
_cedited by Carlos M. Correa.
260 _aCheltenham, U.K. ;
_aNorthampton, Mass. :
_bEdward Elgar,
_cc2010.
300 _a1 online resource (ix, 309 p.)
490 1 _aIntellectual property in the WTO ;
_vv. 2
490 1 _aResearch handbooks on the WTO
504 _aIncludes bibliographical references and index.
505 0 _a1. The applicability of GATT jurisprudence to the interpretation of the TRIPS Agreement / Susy Frankel -- 2. TRIPS-plus-plus initiatives on broad border measures : features and implications / Xuan Li -- 3. Lessons from the United States in regard to the recent, more flexible application of injunctive relief / Joshua D. Sarnoff -- 4. Accession to the WTO, intellectual property rights and domestic institutions / Ermias Tekeste Biadgleng -- 5. The WTO dispute on trademarks and geographical indications : some implications for trade policy-making and negotiations / David Vivas-Eugui and María Julia Oliva -- 6. United States-- Section 110(5) of the US Copyright Act : summary and analysis / Dalindyebo Shabalala -- 7. WTO panel on United States-- Section 110(5) of the US Copyright Act / Maximiliano Santa Cruz -- 8. Dispute settlement under the TRIPS Agreement : the United States-Brazil (2000) and United States-Argentina (2002) patent disputes / Viviana Muñoz Tellez -- 9. Canada-- patent protection of pharmaceutical products / Pedro Roffe and Christoph Spennemann -- 10. Mandatory regulation versus discretionary regulation, unilateralism, and national treatment : an analysis of the United States-- Section 211 Omnibus Appropriations Act of 1998 dispute / Christophe Charlier.
520 _aThis concise and detailed Handbook addresses some of the most complex issues raised by the implementation of the TRIPS Agreement globally. Among other themes, the Handbook explores the applicability of GATT jurisprudence for the interpretation of the Agreement's provisions. It also considers key issues relating to the enforcement of intellectual property rights, such as border measures and injunctive relief. Teamed with the first volume-- Research Handbook on the Protection of Intellectual Property under WTO Rules-- this analysis is supplemented by a thorough review of the most important cases on TRIPS decided under the WTO dispute settlement mechanism.
650 0 _aIntellectual property (International law)
655 7 _aElectronic books.
_2lcsh
700 1 _aCorrea, Carlos María.
710 2 _aEdward Elgar Publishing.
776 1 _z184980107X (hbk. : alk. paper)
_z9781849801072 (hardback)
_z9781849809535 (pbk.)
830 0 _aIntellectual property in the WTO ;
_vv. 2.
830 0 _aResearch handbooks on the WTO.
856 4 0 _uhttps://www.elgaronline.com/view/9781849801072.xml
999 _c28772
_d28772